000 00502nam a2200193Ia 4500
003 OSt
005 20251205124327.0
008 210719s1974 xx 000 0 und d
040 _cAL
041 _aKannada
082 _aK894.2 PARM
100 _aPARVATAVANI
_dಪರ್ವತವಾಣಿ
_9247825
245 _aMadhyapana.
_bಮದ್ಯಪಾನ.
260 _aMaisuru
_bBharati Prakashana
_c1974
300 _a104
_bPB
365 _b1
_cRs
650 _aKannada Drama
_9247826
942 _2ddc
_cBK
999 _c213129
_d213129